000 00268 a2200121 4500
020 _a0852974620
090 _c178
_d178
100 _aBrian Coyle
245 _aLeasing
260 _aCanterbury
_bCIB Publishing
_c2000
300 _a138 P
942 _aNBS
_cBK
_k658.15 COY
999 _c342752
_d342752